[Event "Ostrava Konik op-B"]
[Site "Ostrava"]
[Date "2012.05.02"]
[Round "5"]
[White "Hradsky, Ales"]
[Black "Soki, Zdenek"]
[Result "0-1"]
[WhiteElo "1830"]
[BlackElo "1872"]
[PlyCount "84"]
[EventDate "2012.04.28"]
[EventType "swiss"]
[EventRounds "9"]
[EventCountry "CZE"]
[SourceTitle "CBM 148 Extra"]
[Source "ChessBase"]
[SourceDate "2012.06.22"]
[SourceVersion "1"]
[SourceVersionDate "2012.06.22"]
[SourceQuality "1"]

1. e4 e5 2. Nf3 Nc6 3. d4 exd4 4. Bc4 d6 5. 0-0 Be7 6. Nxd4 Nf6 7. Nc3 Bg4 8. f3 Bd7 9. Be3 Ne5 10. Be2 a6 11. h3 c5 12. Nf5 Bxf5 13. exf5 d5 14. Bg5 d4 15. Bxf6 Bxf6 16. Ne4 Qb6 17. f4 Nd7 18. Bc4 0-0 19. g4 Qc6 20. Qf3 Rae8 21. Bd3 Bd8 22. g5 c4 23. Rac1 cxd3 24. cxd3 Qb6 25. Rf2 g6 26. f6 Bxf6 27. Qg4 Rd8 28. Rfc2 Be7 29. Rc7 f5 30. gxf6 Nxf6 31. Qh4 Qe6 32. Ng5 Qe3+ 33. Kh1 Nh5 34. Rg1 Rxf4 35. Qxh5 Qxg1+ 36. Kxg1 gxh5 37. Rxe7 Rdf8 38. Rxb7 Rf1+ 39. Kg2 h4 40. Rb8 Rxb8 41. Kxf1 Rxb2 42. a4 Rd2 0-1